| 000 | 00356nam a22001577a 4500 | ||
|---|---|---|---|
| 003 | SGT | ||
| 020 | _a9788175340718 | ||
| 082 | _a363.2565 | ||
| 100 | _aHARRISON, WILSON R | ||
| 245 | _aSUSPECT DOCUMENTS THEIR SCIENTIFIC EXAMINATION | ||
| 250 | _a1ST | ||
| 260 |
_aNEW DELHI _bUNIVERSAL BOOKS _c2003 |
||
| 300 | _a583 | ||
| 650 | _aLAWS | ||
| 942 |
_2ddc _cBK |
||
| 999 |
_c9761 _d9761 |
||